000 00658nam a2200229Ia 4500
003 OSt
005 20220928124517.0
006 a|||||r|||| 00| 0
007 ta
008 220927b |||||||| |||| 00| 0 eng d
024 _a33111
037 _cReference Collections
040 _aSDCL
_cSDCL
_beng
041 _2eng
_aeng
082 _aU8k1,I, N3 RR
100 _aFritze Ronald H Au.
_9465900
245 0 _aLegend amd Lore of the Americas before 1492.
260 _aOxford
_bABC-Clio
_c1993
300 _axvi,319p
_ccm.
942 _hU8k1,I, N3 RR
_cREF
_2CC
999 _c778789
_d778789